000 01052nam a2200313 a 4500
999 _c69249
_d69249
003 BLK
005 20240303003951.0
008 180408b bul|||||r ||||||| ||bul||
010 _aKNG00073591000
020 _a954-446-975-3
040 _aBLK
041 _aBUL
_cBUL
080 _aАмериканска литература (на САЩ)
_b821.111(73)
_x-93-34
_z821.111(73)-93-34
139 _aМари
_bМ 31
245 1 0 _aМари
_bАристокотки : Най-хубавото място
_cпрев. Ирина Атанасова Димитрова.
257 _aUSA
260 _bЕгмонт България
_c2006
_aСофия
300 _a32 с.
_bс цв. ил.
_c27 см
380 _aDX
490 _9440519
_aDisney Аристокотки
500 _aКор. опис. - Ориг. загл. Candy books Marie
852 _aЦб ІІ 14457
_bЦб
856 4 _qpdf
856 4 _qpdf
942 _cKNG
_n0
_s1
944 _aCR
_c30.03.2007
_k
_lCRON CRON
944 _aED
_c19.04.2007
999 _d69249